Rihanna - Paroles Rude Boy - Statistiques

Statistiques générales
  • Ce quiz a été pris 60 fois
  • Le résultat moyen est 358 sur 499
Statistiques - réponses
Hint Réponse % Correct
I
95%
boy,
93%
boy?
93%
Refrain Refrain
93%
rude
93%
it
90%
it,
90%
me,
90%
me
90%
Refrain Come
88%
you
88%
You
88%
a
85%
ah
85%
(oh,
85%
the
85%
to
85%
love
80%
up?
80%
up,
80%
up
80%
get
78%
Get
78%
Take
78%
take
78%
wa
78%
be
73%
(yeah),
73%
(yeah)
73%
yeah
73%
baby,
70%
baby
70%
Baby,
70%
Give
70%
give
70%
na
70%
Couplet 1 | Couplet 2 Tonight,
70%
when
70%
can
68%
here
68%
let
65%
want
65%
want,
65%
do
60%
Pré-refrain Do
60%
like
60%
no,
60%
no
60%
no)
60%
on,
60%
what
58%
What
58%
is
55%
your
55%
right
53%
touch
53%
way
53%
captain
50%
hair
50%
my
50%
there
50%
there"
50%
enough?
48%
go
48%
now
48%
thing,
45%
I'ma
43%
pull
43%
big
40%
boom,
40%
boom
40%
crazy
40%
crazy,
40%
we
40%
We
40%
fire
38%
higher
38%
If
38%
if
38%
down
35%
"kiss
35%
babe
33%
little
33%
So
33%
ain't
30%
feel
30%
longer
30%
put
30%
rider
30%
tell
30%
wanna
30%
and
28%
body
28%
got
28%
how
28%
"move
28%
out
28%
stronger
28%
harder
25%
need
25%
Relax,
25%
say
25%
turn
25%
don't
23%
faking,
23%
show
23%
you're
23%
Hands
20%
time
20%
Giddy
18%
giddy
18%
Buckle
10%
Aucun quiz correspondant
Distribution des résultats
% des personnes avec chaque résultat
Percentile par nombre de réponses
Votre historique - résultats
Vous n’avez pas pris ce quiz